00960nam a22002177a 450000500170000000800410001702000180005805000220007610000310009824000530012924502170018225000120039926000510041130000360046265000400049870000290053870000280056770000460059570000480064170000530068920260225133813.0160407b sp ||||| |||| 00| 0 spa d a978848322656804aHD58.7 bR63 20101 aRobbins, Stephen P.d1943-10aEssentials of organizational behaviorlEspañol10aIntroducción al comportamiento organizativo c / Stephen P. Robbins, Timothy A. Judge ; traducción Yago Moreno ; revisión técnica Ester Martínez-Ros, Eduardo Melero Martin, Miriam Sánchez- Manzanares. a10a ed. aMadrid, España :bPearson Educación,c2010 axvii, 337 p. : bil. , c24 cm. 72lembaComportamiento organizacional1 aJudge, Timothy A.eautor1 aMoreno, Yagoetraductor1 aMartínez-Ros, Estererevisora técnica1 aMelero Martín, Eduardoerevisor técnico1 aSánchez-Manzanares, Miriamerevisora técnica